The uncertainty of hope (Record no. 48711)
[ view plain ]
| 000 -LEADER | |
|---|---|
| fixed length control field | 00999nam a2200277 a 4500 |
| 100 1# - MAIN ENTRY--AUTHOR NAME | |
| Personal name | Tagwira, Valerie. |
| 245 14 - TITLE STATEMENT | |
| Title | The uncertainty of hope |
| 260 ## - PUBLICATION, DISTRIBUTION, ETC. (IMPRINT) | |
| Place of publication | Harare : |
| Name of publisher | Weaver Press, |
| Year of publication | 2006. |
| 300 ## - PHYSICAL DESCRIPTION | |
| Number of Pages | vii, 368 p. |
| 856 40 - ELECTRONIC LOCATION AND ACCESS | |
| Uniform Resource Identifier | http://site.ebrary.com/lib/rucke/Doc?id=10344568 |
No items available.
